Investície pre začiatočníkov i opatrných

Konzervatívne investície a konzervatívny investor. Pohľad fondového správcu na konzervatívneho investora. Investičný horizont. Konzervatívne fondy. Odlišnosti medzi fondmi. Výnos a poplatky.

Salvato in:
Dettagli Bibliografici
Autore principale: Škriniar, Pavel, 1979-
Natura: Capitolo di libro
Lingua:slovacco
Soggetti:
Tags: Aggiungi Tag
Nessun Tag, puoi essere il primo ad aggiungerne!!

MARC

LEADER 00000naa a2200000 4500
001 0175151
005 20240502073003.7
041 0 |a slo 
044 |a SK 
245 1 0 |a Investície pre začiatočníkov i opatrných  |c Pavel Škriniar 
520 |a Konzervatívne investície a konzervatívny investor. Pohľad fondového správcu na konzervatívneho investora. Investičný horizont. Konzervatívne fondy. Odlišnosti medzi fondmi. Výnos a poplatky. 
610 2 0 |a investície 
610 2 0 |a investovanie 
610 2 0 |a investori 
610 2 0 |a fondy dlhopisové 
610 2 0 |a fondy investičné 
610 2 0 |a výnosy 
610 2 0 |a poplatky 
100 1 |a Škriniar, Pavel, 1979-